| 000 | 00455nam a2200193Ia 4500 | ||
|---|---|---|---|
| 005 | 20240823054410.0 | ||
| 008 | 240823s9999||||xx |||||||||||||| ||und|| | ||
| 020 | _a978-81-7473-342-6 | ||
| 041 | _aENGLISH | ||
| 082 | _A658.8 P9 | ||
| 100 | _aMittal Ramesh | ||
| 245 | 0 | _aServices Marketing | |
| 250 | _a1st | ||
| 260 |
_c2014 _b"Wisdom,Ch" |
||
| 500 | _aYES | ||
| 650 |
_aServices Marketing _bManagement Studies |
||
| 942 | _cBK | ||
| 999 |
_c226366 _d226366 |
||